Türkiye'de savunma harcamaları ve ekonomik etkileri (Record no. 4164)

MARC details
000 -BAŞLIK
Sabit Uzunlukta Kontrol Alanı 00802na a2200265 4500
001 - KONTROL NUMARASI
Denetim Alanı 20277
003 - KONTROL NUMARASI IDENTIFIER
Denetim Alanı MIRAKIL
005 - SON İŞLEM TARİHİ VE ZAMANI
Denetim Alanı 20181213154955.0
008 - SABİT-BOY VERİ ELEMANLARI - GENEL BİLGİLER
Sabit Uzunlukta Kontrol Alanı 170116b tu 000 0
020 ## - ULUSLARARASI STANDART KİTAP NUMARASI
Uluslararası Standart Kitap Numarası 9758112414
040 ## - KATALOGLAMA KAYNAK
Orijinal Kataloglama Ajansı Milas
Kataloglama Dili tur
Metne Dönüştürmek Ajansı TR-AnCHP
041 ## - DİL KODU
Metin / Ses Parça Veya Ayrı Başlığın Dil Kodu tur
082 ## - DEWEY ONLU SINIFLANDIRMA NUMARASI
Sınıflandırma Numarası 336.39
Ürün Numarası G95t 2002
090 ## - SINIFLAMA NUMARASI
Sınıflama Numarası 336.39 G95t 2002
100 ## - ANA GİRİŞ - KİŞİSEL İSİM
Kişisel Ad Günlük-Şenesen, Gülay
245 ## - BAŞLIK TABLOSU
Başlık Türkiye'de savunma harcamaları ve ekonomik etkileri
Başlığın Kalan 1980-2001
Sorumluluk Tablosu, Vb Gülay Günlük-Şenesen
260 ## - YAYIN, DAĞITIM, VB
Yayın, Dağıtım, Vb Yeri İstanbul
Yayıncı, Dağıtıcı, Vs Adı TESEV Yayınları
Yayın, Dağıtım, Vb Tarihi 2002
300 ## - FİZİKSEL TANIM
Kapsam 140 s.
Diğer Fiziksel Ayrıntıları tbl.
Boyutlar 24 sm.
440 ## - SERİSİ TABLOSU / KATMA GİRİŞİ - BAŞLIK
Başlık Tesev Yayınları
490 ## - SERİSİ TABLOSU
Seri Beyanı İç Politika Serisi
Hacim / Ardışık Tanımı 2
504 ## - KAYNAKÇA VB NOT
Kaynakça Vb Notu Kaynakça var.
650 ## - KONU KATMA GİRİŞ - TOPİKAL DÖNEM
Topikal Süreli Veya Coğrafi Ad Giriş Elemanı Kamu harcamaları
Aktif Tarihleri 1980-2001
Genel Alt Bölümü Savunma
Coğrafi Alt Bölümü Türkiye
651 ## - KONU KATMA GİRİŞ - COĞRAFİ ADI
Coğrafi İsim Türkiye
Genel Alt Bölümü Savunma harcamaları
942 ## - EKLENDİ GİRİŞ ELEMANLARI (KOHA)
Sınıflandırma Veya Raf Düzeni Kaynak
Koha Öğesi Türü Books
999 ## - SİSTEM KONTROL NUMARALARI (KOHA)
Koha Biblionumber 4164
Koha Biblioitemnumber 4164
Holdings
Kalıcı Konum Mevcut Konum Edinme Tarihi Edinim Kaynak Toplam Check-Out'Lar Tam Çağrı Numarası Barkod Tarih Son Görülme İtibaren Geçerli Fiyatlar Koha Öğesi Türü
CHP Kütüphanesi CHP Kütüphanesi 01/16/2017 Bağış   336.39 G95t 2002 010981 01/16/2017 01/16/2017 Books